The Loud House QUIZ - Statistics

General Stats
  • This quiz has been taken 389 times
  • The average score is 5 of 7
Answer Stats
Questions Answer % Correct
Who is Lincoln best friend? Clyde
95%
Who is the 2nd oldest sister? Leni
93%
How many louds in the Loud House(even parents)? 13
88%
Which sister loves to fix things,even toilets?! Lana
84%
What comic is Lincoln's favorite? Ace Savvy
66%
Who is Lincoln's neighbour? Mr.Grouse
51%
When Luna became a Rock Star? 9
21%
No matching quizzes found
Score Distribution
Percent of People with Each Score
Percentile by Number Answered
Your Score History
You have not taken this quiz